|
|
|
|
| LEADER |
01135nam a22003012i 4500 |
| 001 |
001491576 |
| 003 |
CZ BrMZK |
| 005 |
20160407085358.0 |
| 007 |
ta |
| 008 |
151009s1944 xxu er|||||||||||eng d |
| 040 |
|
|
|a BOA001
|b cze
|e rda
|
| 072 |
|
7 |
|a 25
|x Náboženství, mytologie, kulty
|2 Konspekt
|9 5
|
| 080 |
|
|
|a 252.1
|2 MRF
|
| 100 |
1 |
|
|a Kramer, Samuel Noah,
|d 1897-1990
|7 kup19970000052124
|4 aut
|
| 245 |
1 |
0 |
|a Sumerian mythology :
|b a study of spiritual and literary achievement in the third millennium B.C. /
|c by S.N. Kramer
|
| 264 |
|
1 |
|a Philadelphia :
|b American Philosophical Society,
|c 1944
|
| 300 |
|
|
|a 11, 125 stran ;
|c 24 cm
|
| 336 |
|
|
|a text
|b txt
|2 rdacontent
|
| 337 |
|
|
|a bez média
|b n
|2 rdamedia
|
| 338 |
|
|
|a svazek
|b nc
|2 rdacarrier
|
| 490 |
1 |
|
|a Memoirs of the American Philosophical Society ;
|v volume 21
|
| 504 |
|
|
|a Obsahuje bibliografii
|
| 650 |
0 |
7 |
|a sumerská mytologie
|7 ph191887
|2 czenas
|
| 830 |
|
0 |
|a Memoirs of the American Philosophical Society
|
| 910 |
|
|
|a BOA001
|b 2-0260.496
|
| 990 |
|
|
|a BK
|
| 991 |
|
|
|b 201510
|
| 996 |
7 |
|
|b 2618721364
|c 2-0260.496
|l MZK
|r Sklad / do 24 hodin
|n 0
|w 001526565
|u 000010
|a 1
|e BOA001
|j MZK50
|s A
|